Iglesias de San Salvador de Val-de-Dios y Parroquial de Sal Salvador de Priesca, en el Concejo de Villaviciosa (Asturias) / (Record no. 151453)

MARC details
000 -LEADER
campo de control de longitud fija 01097nam a2200229 i 4500
001 - NÚMERO DE CONTROL
campo de control 151453
003 - IDENTIFICADOR DE NÚMERO DE CONTROL
campo de control ES-MaACL
005 - FECHA Y HORA DE LA ÚLTIMA TRANSACCIÓN
campo de control 20250831102453.0
008 - DATOS DE LONGITUD FIJA--INFORMACIÓN GENERAL
campo de control de longitud fija 931025s1877 sp af |||| | spa d
100 1# - ENTRADA PRINCIPAL--NOMBRE DE PERSONA
Nombre de persona Amador de los Ríos, José,
Fechas asociadas al nombre 1818-1878
9 (RLIN) 21088
245 10 - MENCIÓN DEL TÍTULO
Título Iglesias de San Salvador de Val-de-Dios y Parroquial de Sal Salvador de Priesca, en el Concejo de Villaviciosa (Asturias) /
Mención de responsabilidad, etc. por José Amador de los Rios.
260 ## - PUBLICACIÓN, DISTRIBUCIÓN, ETC.
Lugar de publicación, distribución, etc. Madrid :
Nombre del editor, distribuidor, etc. [s.n.],
Fecha de publicación, distribución, etc. 1877 (
Fabricante Imp. de T. Fortanet y Calcografía Nacional)
300 ## - DESCRIPCIÓN FÍSICA
Extensión 31 p., [19] h. de grab. :
Otras características físicas il., grab. ;
Dimensiones 72 cm.
490 1# - MENCIÓN DE SERIE
Mención de serie Monumentos Arquitectónicos de España. Monumentos latino bizantinos de la Monarquía Astur-Leonesa
599 ## - NOTA A LAS ILUSTRACIONES
NOTA A LAS ILUSTRACIONES Las h. de grab. calc.
610 27 - PUNTO DE ACCESO ADICIONAL DE MATERIA--NOMBRE DE ENTIDAD CORPORATIVA
Nombre de entidad corporativa o nombre de jurisdicción como elemento de entrada Iglesia de San Salvador de Valdediós
Fuente del encabezamiento o término
9 (RLIN) 144122
610 27 - PUNTO DE ACCESO ADICIONAL DE MATERIA--NOMBRE DE ENTIDAD CORPORATIVA
Nombre de entidad corporativa o nombre de jurisdicción como elemento de entrada Iglesia de San Salvador de Priesca (Villaviciosa)
Fuente del encabezamiento o término
9 (RLIN) 150876
650 #4 - PUNTO DE ACCESO ADICIONAL DE MATERIA--TÉRMINO DE MATERIA
Término de materia o nombre geográfico como elemento de entrada Arte prerrománico-
Subdivisión geográfica Asturias (Comunidad Autónoma)
9 (RLIN) 10276
830 00 - PUNTO DE ACCESO ADICIONAL DE SERIE-TÍTULO UNIFORME
Título uniforme Monumentos arquitectónicos de España
9 (RLIN) 187641
852 ## - LOCALIZACIÓN
Ubicación ES-MaACL
Número de control de estantería B-6984(3)
Nota libre . - Enc. tela
Holdings
Estatus retirado Estado de pérdida Estado de daño No para préstamo Colección Biblioteca de origen Biblioteca actual Ubicación en estantería Fecha de adquisición Fuente de adquisición Total de préstamos Signatura topográfica completa Código de barras Visto por última vez Precio de reemplazo Tipo de ítem Koha
        Libros del s. XIX Biblioteca del Ateneo de Madrid Biblioteca del Ateneo de Madrid Sala Pardo Bazán 17/01/2008     B-6984(3) 1158024 23/02/2023 23/02/2023 Libro impreso antiguo